00964nam a2200217 a 4500008004100000020001500041050001800056110005500074245010400129260006400233300002200297350000900319490002300328500007300351650003500424650001400459650003200473995010000505999001700605952012400622060626s2004 ||||||||||||||||| || u a9211614694 aUN-ESA(08)SSF aUnited Nations Economic and Social Affairs (UNESA)10aNational accounts: a practical introductioncby United Nations Economic and Social Affairs (UN-ESA) aNew York:bUnited Nations Economic and Social Affairsc2004 avii; 139p. : ill. a0.00 astudies in methods astudies in methods.handbook of national accounting, series f, no. 85 0aECONOMICS--STATISTICAL METHODS aTEXTBOOKS aNATIONAL INCOME--ACCOUNTING D0.00FCBU-MAIN LIBRARY (Kitwe)H1I0.00M1UAVAILABLEWJun 26, 2006ZInternational Publications c51883d51883 00102lcc4070a001b001cInternational Publicationsd2022-11-30l0oUN-ESA(08)SSFp44276r2022-11-30w2022-11-30y002